Datum a čas kvízu
21.5
Celkem bodů
Celkový počet nahraných bodů na tomto kvízu bez doplňovacích otázek.
7.
Pořadí na kvízu
Konečné umístění týmu na tomto kvízu.
Zaznamenané odpovědi
| # | Otázka | Odpověď | Body | Výsledky |
|---|---|---|---|---|
| 1. | Do boudy na hřebenech Krkonoš,... | 0 | ||
| 2. | Spojené státy a Izrael ve stře... | 1 | ||
| 3. | Profesor Ratcliffe z univerzit... | 1 | ||
| 4. | Dva zaměstnanci telekomunikačn... | 1 | ||
| 5. | Nepěkný výprask uštědřili hoke... | 1 | ||
| 6. | Věříme tomu, že nemálo z Vás v... | 1 | ||
| 7. | Poznáte podle fotky toto šumav... | 0 | ||
| 8. | Ve kterém městě najdeme toto k... | 1 | ||
| 9. | Ve spolkové zemi Salcbursko se... | 0 | ||
| 10. | Která dvě česká slova jsou nap... | 1 |